Quizzes
Events
Quiz Creation
Community
Videos
Private Events
Remove Ads
Sign In
Join for FREE
Feedback
Dark Mode
Quiz Categories
Sports
Geography
Music
Movies
Television
Just For Fun
Miscellaneous
History
Literature
Language
Science
Gaming
Entertainment
Religion
Holiday
For Kids
Quiz Lab
Recent
Popular Today
Quiz Kudos Today
Editor Picks
Curator Picks
Quizzes by...
Day
Popularity
Type
Ratings
Length
Year
Community
Subscriptions
Recent Discussions
Orange Saloon
Badges
Playlists
Quests
Create
Leaderboards
Showdown
Live 5
Trivia Bingo
Activity
Puzzle Library
Sporcle Events
Private Events
Virtual Trivia
Globe League
Become a Host
Pub Owners
SporcleCon
Opinionation
Our Games
Videos
Blog
Mobile Apps
Partnerships
Remove Ads and Go Orange
Feedback
Geography
Country
Landmarks
City
State
Population
World
Capital
Continent
Flags
Europe
Africa
Asia
South America
North America
Oceania
Border
Canada
United Kingdom
Topography
United States
Geography
Country
Landmarks
City
State
Population
World
Capital
Continent
Flags
Europe
Africa
Asia
South America
North America
Oceania
Border
Canada
United Kingdom
Topography
United States
Random Quiz
Search Sporcle
×
Quiz Lab
Quiz Lab
Geography
Border
Type in answers that appear in a list
Type in answers that appear in a list
Classic
Best Score? Go Orange.
World -d borders Stats
Name the countries that border countries ending in -d
By
Anne13
5m
26 Questions
434 Plays
434 Plays
434 Plays
Comments
Comments
Give Quiz Kudos
Give Quiz Kudos
-
- Ratings
hide this ad
Replay
Link that replays current quiz
Next Quiz
Link to next quiz in quiz playlist
You Got
0%
They Got
Avg Score
86%
Avg Friend Score
Upgrade to see
Score Distribution
Jump to the score distribution portion of the page
Score
0/26
Timer
05:00
0
Plays Today
-d countries
country
% Correct
Ireland
United Kingdom
97.7%
Finland
Russia
97.2%
Switzerland
Germany
97.2%
Poland
Germany
97.1%
Poland
Russia
97.1%
Finland
Sweden
96.5%
Finland
Norway
96.1%
Switzerland
France
95.8%
Switzerland
Italy
95.6%
Switzerland
Austria
94.9%
Chad
Niger
94.6%
Thailand
Laos
94%
Poland
Slovakia
93.5%
-d countries
country
% Correct
Poland
Czechia
93.2%
Thailand
Cambodia
93%
Poland
Ukraine
91.8%
Poland
Belarus
91.8%
Poland
Lithuania
91.8%
Thailand
Myanmar
91.6%
Chad
Nigeria
90.7%
Switzerland
Liechtenstein
90.3%
Chad
Libya
90.2%
Chad
Sudan
90.2%
Chad
Central African Republic
87.7%
Thailand
Malaysia
86.8%
Chad
Cameroon
82.4%
Quiz Playlist
Details
Report
Send in Message
Add To Playlist
Classic:
Type in answers that appear in a list
Last Updated: Jul 8, 2022
Quiz Scoreboard
CHALLENGE
Sign Up to Join the Scoreboard
Show All
Scores
Hide
Comments
May contain spoilers
Recently Published
College Basketball Coaching Resumes
by pancakes188
Sports
9m
Billboard Blitz: Fleetwood Mac
by CooCooCachoo
Music
15s
Presidents Visiting Landmarks
by Hejman
History
7m
More to Explore
Quiz From the Vault
Featured Blog Post
Where Did the Easter Bunny Come From?
hide this ad
You Might Also Like...
Tags
Border Quiz
chad
Finland
Ireland
Letter D
Poland
Switzerland
Thailand
Today's Top Quizzes in Geography
Browse Geography
hide this ad
Today's Top Quizzes in Border
Browse Border
Top Contributed Quizzes in Geography
1
Countries of the World - No Outlines Minefield
2
Top 25 Cities of France on a map
3
Any capital of a 'B' country per Continent
4
Any capital of a 'C' country per Continent
5
Closest Countries to UK A-Z
6
Any capital of a 'D' country per Continent
7
5-to-1: US Geography No Hints
8
Any capital of an 'E' country per Continent
9
Click the Alabama Counties! (Map)
10
One Thing in Common: United Kingdom
Explore More
Trending Topics
Kpop
Marvel
Anime
NBA
Crossword
Harry Potter
Disney
Puzzle
WWE
Song
Country
NFL
The Office
Soccer
Pokémon
hide this ad
More By:
Anne13
Quiz
Plays
Rating
Category
Featured
Created
'I' Countries
317,630
4.35
Geography
Dec 2, 2009
007 In Other Words
107,402
4.60
Movies
Sep 28, 2011
1 State, 4+ FBS Schools
92,810
4.37
Sports
Nov 16, 2010
75 Biggest One-Word Cities (US)
82,771
4.56
Geography
Aug 7, 2013
Great Lakes Borders
81,894
4.43
Geography
Sep 24, 2011
Go to Creator's Profile
Score Distribution
Quiz Creator Spotlight
Anne13
Follow
Send a Message
Quizzes Created
-
Created Quiz Play Count
-
More By This Creator
Popular Quizzes Today
1
Find the US States - No Outlines Minefield
2
Find the Countries of Europe - No Outlines Minefield
3
The Countries of the World
4
Find the US States
5
Risky Map Clicking: Biggest States A-Z
6
US States
7
Popular People in 1961
8
Movies - When Are They Set?
More Geography Quizzes
Find 7 Cities: South Pacific
Published
Trending Quizzes
Risky Map Clicking: Least Populous States A-Z
1-10 Letter G Words
1-10 Letter F Words
Risky Map Clicking: Next State Alphabetically
Risky Map Clicking: Biggest States A-Z
Recently Updated
Leaping Animals
pecheneg
Reality TV Shows (A-Z)
bhenderson79
Rickey Henderson's Hall of Fame Teammates
pecheneg
Champions League XIs: Arsenal
pecheneg
Quick Pick: Celebrities in WWE's Hall of Fame
aduchscher
A-Z Keypad Blitz II
pecheneg
Multiple Oscar Actors
pecheneg
Mystery Phrase Blitz: Oscar 'Best Actors'
pecheneg
F. Scott Fitzgerald Novels
LTH
Pick 3 Villains
ddd62291
Trending Topics
Kpop
Disney
Harry Potter
NBA
Anime
Marvel
Crossword
Country
Soccer
WWE
Song
Pokémon
NFL
The Office
Puzzle
Your Account Isn't Verified!
In order to create a playlist on Sporcle, you need to verify the email address you used during registration. Go to your
Sporcle Settings
to finish the process.
Report this User
Report this user for behavior that violates our
Community Guidelines
.
Details:
Send Report
Go to the Sporcle.com Mobile Site →
Comments